| 000 | 00722nam a2200289Ia 4500 | ||
|---|---|---|---|
| 008 | 170711s9999 xx 000 0 und d | ||
| 020 | _a9781451683608 | ||
| 050 | _a82 | ||
| 050 | _bB877 2012 | ||
| 100 | _aBrown, Craig | ||
| 245 | _aHello goodbye hello : | ||
| 245 | _ba circle of 101 remarkable meetings / | ||
| 245 | _cby Craig Brown. | ||
| 260 | _aNew York : | ||
| 260 | _bSimon & schuster, | ||
| 260 | _c2012 | ||
| 300 | _axxi, 356 pages : | ||
| 300 | _billustrations ; | ||
| 300 | _c24cm. | ||
| 500 | _aIncludes bibliographic reference. | ||
| 650 | _aCelebrities -- | ||
| 650 | _aCelebrities -- | ||
| 650 | _aCelebrities. | ||
| 650 | _xHumor. | ||
| 650 | _xQuotations. | ||
| 700 | _aTitle. | ||
| 999 |
_c339849 _d339849 |
||